Loading...
| Fine Arts - Classical Music | 6 | 11.67 | 100% | 17% | 0% |
| Fine Arts - Other Fine Arts | 6 | 15.00 | 100% | 50% | 0% |
| Fine Arts - Painting & Sculpture | 3 | 10.00 | 67% | 33% | 0% |
| History - American History | 5 | 8.00 | 60% | 20% | 0% |
| History - European History | 3 | 6.67 | 67% | 0% | 0% |
| History - Other History | 6 | 8.33 | 83% | 0% | 0% |
| History - World History | 4 | 10.00 | 75% | 25% | 0% |
| Literature - American Literature | 4 | 10.00 | 100% | 0% | 0% |
| Literature - British Literature | 4 | 10.00 | 100% | 0% | 0% |
| Literature - European Literature | 5 | 14.00 | 80% | 60% | 0% |
| Literature - World Literature | 8 | 10.00 | 100% | 0% | 0% |
| Mythology | 4 | 15.00 | 100% | 50% | 0% |
| Other | 6 | 11.67 | 83% | 17% | 17% |
| Philosophy | 5 | 6.00 | 40% | 0% | 20% |
| Religion | 8 | 10.00 | 88% | 0% | 13% |
| Science - Biology | 7 | 10.00 | 100% | 0% | 0% |
| Science - Chemistry | 4 | 5.00 | 50% | 0% | 0% |
| Science - Other Science | 6 | 10.00 | 83% | 17% | 0% |
| Science - Physics | 4 | 10.00 | 100% | 0% | 0% |
| Social Science | 4 | 12.50 | 75% | 50% | 0% |